Ciencia, razón y fe

Сохранить в:
Библиографические подробности
Главный автор: Artigas, Mariano (Автор)
Формат:
Язык:испанский
Опубликовано: Madrid Libros Mc 1986
Редактирование:3a. ed
Предметы:
Метки: Добавить метку
Нет меток, Требуется 1-ая метка записи!

MARC

LEADER 00000cam a2200000 a 4500
001 UCX3215
003 CL-VaPUC
008 911015e19860000SP |||||||||||||||||spa|d
082 0 4 |a 501  |b ART  |2 21 
100 0 |a Artigas, Mariano  |e author  |9 319310 
245 1 0 |a Ciencia, razón y fe 
250 |a 3a. ed 
300 |a 187 p 
942 |c BK 
945 |d 19911015 00:00:00 
260 |a Madrid  |b Libros Mc  |c 1986 
650 0 |a Filosofía de las ciencias  |9 256466 
650 0 |a Religión y ciencia  |9 314470 
650 7 |a FE Y RAZON  |2 CL-VaPUC  |9 319311 
583 |a last modification  |c 20150416 15:37:41  |k Rodrigo Vera 
999 |c 224022  |d 224020 
952 |0 0  |1 0  |4 0  |6 501_000000000000000_ART_1986  |7 0  |8 A  |9 220380  |a BIBCUR  |b BIBCUR  |d 2019-11-15  |i 289100K  |l 1  |o 501 ART 1986  |p 289100K  |r 2025-04-22  |s 2025-04-02  |w 2019-11-15  |y BK  |k FIS